Las 10 provincias de España con menor altitud media - Estadísticas

Estadísticas generales
  • Esta prueba ha sido intentada 2.942 veces
    2.805 desde el último reinicio
  • La puntuación promedio es 7 de 10
Estadísticas de respuestas
Altura media Provincia % Correcto
186 m Cádiz
83%
222 m Huelva
82%
398 m Alacant/Alicante
77%
200 m Sevilla
73%
339 m Tarragona
66%
276 m A Coruña
64%
138 m Illes Balears
63%
351 m Pontevedra
61%
289 m Bizkaia
45%
391 m Gipuzkoa
39%
No se encontraron pruebas coincidentes
Distribución de puntuación
Porcentaje de gente con cada puntuación
Porcentaje por número respondido
Historial de tus puntuaciones
No has intentado esta prueba desde el último reinicio